[Event "ANG-ch"]
[Site "Benguela"]
[Date "2022.05.22"]
[Round "1"]
[White "Pascoal, Eduardo A"]
[Black "Adelino, Vasco"]
[Result "1/2-1/2"]
[WhiteElo "2170"]
[BlackElo "1975"]
[PlyCount "81"]
[EventDate "2022.05.22"]
[EventType "swiss"]
[EventRounds "9"]
[EventCountry "ANG"]
[SourceTitle "EXT 2023"]
[Source "ChessBase"]
[SourceDate "2022.10.05"]
[SourceVersion "1"]
[SourceVersionDate "2022.10.05"]
[SourceQuality "1"]

1. d4 Nf6 2. Bg5 c5 3. e3 Qb6 4. Nc3 cxd4 5. exd4 a6 6. a3 Nc6 7. Nf3 d5 8. h3 Bf5 9. Rb1 Be4 10. Be3 e6 11. Ne5 Bd6 12. Nxe4 Nxe4 13. Nxc6 Qxc6 14. Bd3 h5 15. 0-0 Bc7 16. f4 f5 17. Rc1 b5 18. a4 Kf7 19. c3 g6 20. Ra1 bxa4 21. Qxa4 Qxa4 22. Rxa4 Rhb8 23. Bxe4 fxe4 24. b4 Rb5 25. Rfa1 a5 26. g4 hxg4 27. hxg4 g5 28. fxg5 Rh8 29. Rf1+ Kg7 30. Bf4 Bxf4 31. Rxf4 axb4 32. Rf6 Rhb8 33. cxb4 Rxb4 34. Ra7+ R8b7 35. Ra6 Rxd4 36. Raxe6 Rb2 37. Rg6+ Kh7 38. Rh6+ Kg7 39. Rhg6+ Kf7 40. Rgf6+ Kg7 41. Rg6+ 1/2-1/2